[Event "Urals-ch 72nd"]
[Site "Tiumen"]
[Date "2014.03.23"]
[Round "4"]
[White "Chukleev, Sergei"]
[Black "Salemgareev, Tagir"]
[Result "1-0"]
[WhiteElo "1917"]
[BlackElo "1795"]
[PlyCount "93"]
[EventDate "2014.03.20"]
[EventType "swiss"]
[EventRounds "9"]
[EventCountry "RUS"]
[SourceTitle "CBM 159 Extra"]
[Source "ChessBase"]
[SourceDate "2014.04.24"]
[SourceVersion "1"]
[SourceVersionDate "2014.04.24"]
[SourceQuality "1"]

1. c4 c5 2. Nc3 Nc6 3. g3 d6 4. Bg2 e5 5. e3 g6 6. Nge2 Bg7 7. 0-0 Nge7 8. h3 0-0 9. Kh2 Be6 10. Nd5 Bxd5 11. cxd5 Nb4 12. Qb3 Qd7 13. d4 Na6 14. dxe5 Bxe5 15. e4 Rfc8 16. Bd2 c4 17. Qc2 b5 18. f4 Bh8 19. Bc3 b4 20. Bxh8 Kxh8 21. Qd2 Rc7 22. Rac1 Qb5 23. e5 Rd8 24. Rfd1 Rc5 25. e6 f6 26. Nd4 Qe8 27. Nc2 b3 28. axb3 cxb3 29. Ne3 Rdc8 30. Ra1 Qb5 31. Qd4 Kg7 32. Bf1 Qb4 33. Bxa6 Qxd4 34. Rxd4 R8c7 35. Bc4 Nf5 36. Nxf5+ gxf5 37. Bxb3 Rb7 38. Ra3 Rcb5 39. Rd3 a5 40. g4 a4 41. Bxa4 Rxb2+ 42. Kg3 fxg4 43. hxg4 Re2 44. Re3 Rd2 45. e7 Rb1 46. e8Q Rg1+ 47. Kf3 1-0